000 004140000a22001690004500
003 MACL
005 20160102174135.0
008 160102b xxu||||| |||| 00| 0 eng d
040 _aMACL
_cMACL
041 _aEnglish
082 _a800
100 _aLee, Elizabeth
_927481
245 _aThe Humour of France
260 _bWalter Scott Ltd
_c1893
_aLondon
650 _aLiterature
_927482
942 _cBK
_k800/LEE
_2ddc
999 _c39267
_d39267